000 00828nam a2200289 i 4500
001 C2-0326392
003 PPAK
005 20180728124249.0
008 140326s2013 my |||| ||||| | may d
020 _a9789674031718
040 _aPPAK
_beng
_cPPAK
_erda
082 0 4 _a899.233
_223
090 0 0 _a899.233
_bAMI
_dK
100 0 _aAmir Hamzah Aziz,
_eauthor
245 1 0 _aMisteri penculikan Imah
264 1 _aKuala Lumpur :
_bBlue-T Publication ,
_c2013
300 _a121 pages ;
_c16 cm
336 _2rdacontent
_atext
337 _2rdamedia
_aunmediated
338 _2rdacarrier
_avolume
490 1 _aSiri penyiasatan
500 _a10-14 Tahun
650 1 0 _aChildren's stories, Malay. ; Detective and mystery stories, Malay.
700 0 _aAnies Yusop,
_eeditor
830 0 _aSiri penyiasatan
942 _ddc
_cB
999 _c126063
_d126063